<?xml version="1.0" encoding="UTF-8"?>
<record
    xmlns:xsi="http://www.w3.org/2001/XMLSchema-instance"
    xsi:schemaLocation="http://www.loc.gov/MARC21/slim http://www.loc.gov/standards/marcxml/schema/MARC21slim.xsd"
    xmlns="http://www.loc.gov/MARC21/slim">

  <leader>00355nam a22001457a 4500</leader>
  <controlfield tag="005">20250912165403.0</controlfield>
  <controlfield tag="008">250912b        |||||||| |||| 00| 0 eng d</controlfield>
  <datafield tag="040" ind1=" " ind2=" ">
    <subfield code="a">04</subfield>
  </datafield>
  <datafield tag="100" ind1=" " ind2=" ">
    <subfield code="a">ROBBINS, STEPHAN P</subfield>
  </datafield>
  <datafield tag="245" ind1=" " ind2=" ">
    <subfield code="a">ESSENTIALS OF ORGANIZATIONAL BEHAVIOUR</subfield>
  </datafield>
  <datafield tag="260" ind1=" " ind2=" ">
    <subfield code="a">PEARSON PUB</subfield>
  </datafield>
  <datafield tag="300" ind1=" " ind2=" ">
    <subfield code="a">436</subfield>
  </datafield>
  <datafield tag="650" ind1=" " ind2=" ">
    <subfield code="a"> ORGANIZATIONAL BEHAVIOUR</subfield>
  </datafield>
  <datafield tag="942" ind1=" " ind2=" ">
    <subfield code="c">02</subfield>
  </datafield>
  <datafield tag="999" ind1=" " ind2=" ">
    <subfield code="c">66232</subfield>
    <subfield code="d">66232</subfield>
  </datafield>
  <datafield tag="952" ind1=" " ind2=" ">
    <subfield code="0">0</subfield>
    <subfield code="1">0</subfield>
    <subfield code="2">ddc</subfield>
    <subfield code="4">0</subfield>
    <subfield code="7">0</subfield>
    <subfield code="9">550476</subfield>
    <subfield code="a">04</subfield>
    <subfield code="b">04</subfield>
    <subfield code="d">2025-09-12</subfield>
    <subfield code="e">R LALL BOOK</subfield>
    <subfield code="l">0</subfield>
    <subfield code="p">04-B-12515</subfield>
    <subfield code="r">2025-09-12</subfield>
    <subfield code="w">2025-09-12</subfield>
    <subfield code="y">02</subfield>
  </datafield>
  <datafield tag="952" ind1=" " ind2=" ">
    <subfield code="0">0</subfield>
    <subfield code="1">0</subfield>
    <subfield code="2">ddc</subfield>
    <subfield code="4">0</subfield>
    <subfield code="7">0</subfield>
    <subfield code="9">550477</subfield>
    <subfield code="a">04</subfield>
    <subfield code="b">04</subfield>
    <subfield code="d">2025-09-12</subfield>
    <subfield code="e">R LALL BOOK</subfield>
    <subfield code="l">0</subfield>
    <subfield code="p">04-B-12516</subfield>
    <subfield code="r">2025-09-12</subfield>
    <subfield code="w">2025-09-12</subfield>
    <subfield code="y">02</subfield>
  </datafield>
  <datafield tag="952" ind1=" " ind2=" ">
    <subfield code="0">0</subfield>
    <subfield code="1">0</subfield>
    <subfield code="2">ddc</subfield>
    <subfield code="4">0</subfield>
    <subfield code="7">0</subfield>
    <subfield code="9">550478</subfield>
    <subfield code="a">04</subfield>
    <subfield code="b">04</subfield>
    <subfield code="d">2025-09-12</subfield>
    <subfield code="e">R LALL BOOK</subfield>
    <subfield code="l">0</subfield>
    <subfield code="p">04-B-12517</subfield>
    <subfield code="r">2025-09-12</subfield>
    <subfield code="w">2025-09-12</subfield>
    <subfield code="y">02</subfield>
  </datafield>
  <datafield tag="952" ind1=" " ind2=" ">
    <subfield code="0">0</subfield>
    <subfield code="1">0</subfield>
    <subfield code="2">ddc</subfield>
    <subfield code="4">0</subfield>
    <subfield code="7">0</subfield>
    <subfield code="9">550479</subfield>
    <subfield code="a">04</subfield>
    <subfield code="b">04</subfield>
    <subfield code="d">2025-09-12</subfield>
    <subfield code="e">R LALL BOOK</subfield>
    <subfield code="l">0</subfield>
    <subfield code="p">04-B-12518</subfield>
    <subfield code="r">2025-09-12</subfield>
    <subfield code="w">2025-09-12</subfield>
    <subfield code="y">02</subfield>
  </datafield>
  <datafield tag="952" ind1=" " ind2=" ">
    <subfield code="0">0</subfield>
    <subfield code="1">0</subfield>
    <subfield code="2">ddc</subfield>
    <subfield code="4">0</subfield>
    <subfield code="7">0</subfield>
    <subfield code="9">550480</subfield>
    <subfield code="a">04</subfield>
    <subfield code="b">04</subfield>
    <subfield code="d">2025-09-12</subfield>
    <subfield code="e">R LALL BOOK</subfield>
    <subfield code="l">0</subfield>
    <subfield code="p">04-B-12519</subfield>
    <subfield code="r">2025-09-12</subfield>
    <subfield code="w">2025-09-12</subfield>
    <subfield code="y">02</subfield>
  </datafield>
  <datafield tag="952" ind1=" " ind2=" ">
    <subfield code="0">0</subfield>
    <subfield code="1">0</subfield>
    <subfield code="2">ddc</subfield>
    <subfield code="4">0</subfield>
    <subfield code="7">0</subfield>
    <subfield code="9">550481</subfield>
    <subfield code="a">04</subfield>
    <subfield code="b">04</subfield>
    <subfield code="d">2025-09-12</subfield>
    <subfield code="e">R LALL BOOK</subfield>
    <subfield code="l">0</subfield>
    <subfield code="p">04-B-12520</subfield>
    <subfield code="r">2025-09-12</subfield>
    <subfield code="w">2025-09-12</subfield>
    <subfield code="y">02</subfield>
  </datafield>
  <datafield tag="952" ind1=" " ind2=" ">
    <subfield code="0">0</subfield>
    <subfield code="1">0</subfield>
    <subfield code="2">ddc</subfield>
    <subfield code="4">0</subfield>
    <subfield code="7">0</subfield>
    <subfield code="9">550482</subfield>
    <subfield code="a">04</subfield>
    <subfield code="b">04</subfield>
    <subfield code="d">2025-09-12</subfield>
    <subfield code="e">R LALL BOOK</subfield>
    <subfield code="l">0</subfield>
    <subfield code="p">04-B-12521</subfield>
    <subfield code="r">2025-09-12</subfield>
    <subfield code="w">2025-09-12</subfield>
    <subfield code="y">02</subfield>
  </datafield>
  <datafield tag="952" ind1=" " ind2=" ">
    <subfield code="0">0</subfield>
    <subfield code="1">0</subfield>
    <subfield code="2">ddc</subfield>
    <subfield code="4">0</subfield>
    <subfield code="7">0</subfield>
    <subfield code="9">550483</subfield>
    <subfield code="a">04</subfield>
    <subfield code="b">04</subfield>
    <subfield code="d">2025-09-12</subfield>
    <subfield code="e">R LALL BOOK</subfield>
    <subfield code="l">0</subfield>
    <subfield code="p">04-B-12522</subfield>
    <subfield code="r">2025-09-12</subfield>
    <subfield code="w">2025-09-12</subfield>
    <subfield code="y">02</subfield>
  </datafield>
  <datafield tag="952" ind1=" " ind2=" ">
    <subfield code="0">0</subfield>
    <subfield code="1">0</subfield>
    <subfield code="2">ddc</subfield>
    <subfield code="4">0</subfield>
    <subfield code="7">0</subfield>
    <subfield code="9">550484</subfield>
    <subfield code="a">04</subfield>
    <subfield code="b">04</subfield>
    <subfield code="d">2025-09-12</subfield>
    <subfield code="e">R LALL BOOK</subfield>
    <subfield code="l">0</subfield>
    <subfield code="p">04-B-12523</subfield>
    <subfield code="r">2025-09-12</subfield>
    <subfield code="w">2025-09-12</subfield>
    <subfield code="y">02</subfield>
  </datafield>
  <datafield tag="952" ind1=" " ind2=" ">
    <subfield code="0">0</subfield>
    <subfield code="1">0</subfield>
    <subfield code="2">ddc</subfield>
    <subfield code="4">0</subfield>
    <subfield code="7">0</subfield>
    <subfield code="9">550485</subfield>
    <subfield code="a">04</subfield>
    <subfield code="b">04</subfield>
    <subfield code="d">2025-09-12</subfield>
    <subfield code="e">R LALL BOOK</subfield>
    <subfield code="l">0</subfield>
    <subfield code="p">04-B-12524</subfield>
    <subfield code="r">2025-09-12</subfield>
    <subfield code="w">2025-09-12</subfield>
    <subfield code="y">02</subfield>
  </datafield>
  <datafield tag="952" ind1=" " ind2=" ">
    <subfield code="0">0</subfield>
    <subfield code="1">0</subfield>
    <subfield code="2">ddc</subfield>
    <subfield code="4">0</subfield>
    <subfield code="7">0</subfield>
    <subfield code="9">550486</subfield>
    <subfield code="a">04</subfield>
    <subfield code="b">04</subfield>
    <subfield code="d">2025-09-12</subfield>
    <subfield code="e">R LALL BOOK</subfield>
    <subfield code="l">0</subfield>
    <subfield code="p">04-B-12525</subfield>
    <subfield code="r">2025-09-12</subfield>
    <subfield code="w">2025-09-12</subfield>
    <subfield code="y">02</subfield>
  </datafield>
  <datafield tag="952" ind1=" " ind2=" ">
    <subfield code="0">0</subfield>
    <subfield code="1">0</subfield>
    <subfield code="2">ddc</subfield>
    <subfield code="4">0</subfield>
    <subfield code="7">0</subfield>
    <subfield code="9">550487</subfield>
    <subfield code="a">04</subfield>
    <subfield code="b">04</subfield>
    <subfield code="d">2025-09-12</subfield>
    <subfield code="e">R LALL BOOK</subfield>
    <subfield code="l">0</subfield>
    <subfield code="p">04-B-12526</subfield>
    <subfield code="r">2025-09-12</subfield>
    <subfield code="w">2025-09-12</subfield>
    <subfield code="y">02</subfield>
  </datafield>
  <datafield tag="952" ind1=" " ind2=" ">
    <subfield code="0">0</subfield>
    <subfield code="1">0</subfield>
    <subfield code="2">ddc</subfield>
    <subfield code="4">0</subfield>
    <subfield code="7">0</subfield>
    <subfield code="9">550488</subfield>
    <subfield code="a">04</subfield>
    <subfield code="b">04</subfield>
    <subfield code="d">2025-09-12</subfield>
    <subfield code="e">R LALL BOOK</subfield>
    <subfield code="l">0</subfield>
    <subfield code="p">04-B-12527</subfield>
    <subfield code="r">2025-09-12</subfield>
    <subfield code="w">2025-09-12</subfield>
    <subfield code="y">02</subfield>
  </datafield>
  <datafield tag="952" ind1=" " ind2=" ">
    <subfield code="0">0</subfield>
    <subfield code="1">0</subfield>
    <subfield code="2">ddc</subfield>
    <subfield code="4">0</subfield>
    <subfield code="7">0</subfield>
    <subfield code="9">550489</subfield>
    <subfield code="a">04</subfield>
    <subfield code="b">04</subfield>
    <subfield code="d">2025-09-12</subfield>
    <subfield code="e">R LALL BOOK</subfield>
    <subfield code="l">0</subfield>
    <subfield code="p">04-B-12528</subfield>
    <subfield code="r">2025-09-12</subfield>
    <subfield code="w">2025-09-12</subfield>
    <subfield code="y">02</subfield>
  </datafield>
  <datafield tag="952" ind1=" " ind2=" ">
    <subfield code="0">0</subfield>
    <subfield code="1">0</subfield>
    <subfield code="2">ddc</subfield>
    <subfield code="4">0</subfield>
    <subfield code="7">0</subfield>
    <subfield code="9">550490</subfield>
    <subfield code="a">04</subfield>
    <subfield code="b">04</subfield>
    <subfield code="d">2025-09-12</subfield>
    <subfield code="e">R LALL BOOK</subfield>
    <subfield code="l">0</subfield>
    <subfield code="p">04-B-12529</subfield>
    <subfield code="r">2025-09-12</subfield>
    <subfield code="w">2025-09-12</subfield>
    <subfield code="y">02</subfield>
  </datafield>
  <datafield tag="952" ind1=" " ind2=" ">
    <subfield code="0">0</subfield>
    <subfield code="1">0</subfield>
    <subfield code="2">ddc</subfield>
    <subfield code="4">0</subfield>
    <subfield code="7">0</subfield>
    <subfield code="9">550491</subfield>
    <subfield code="a">04</subfield>
    <subfield code="b">04</subfield>
    <subfield code="d">2025-09-12</subfield>
    <subfield code="e">R LALL BOOK</subfield>
    <subfield code="l">0</subfield>
    <subfield code="p">04-B-12530</subfield>
    <subfield code="r">2025-09-12</subfield>
    <subfield code="w">2025-09-12</subfield>
    <subfield code="y">02</subfield>
  </datafield>
  <datafield tag="952" ind1=" " ind2=" ">
    <subfield code="0">0</subfield>
    <subfield code="1">0</subfield>
    <subfield code="2">ddc</subfield>
    <subfield code="4">0</subfield>
    <subfield code="7">0</subfield>
    <subfield code="9">550492</subfield>
    <subfield code="a">04</subfield>
    <subfield code="b">04</subfield>
    <subfield code="d">2025-09-12</subfield>
    <subfield code="e">R LALL BOOK</subfield>
    <subfield code="l">0</subfield>
    <subfield code="p">04-B-12531</subfield>
    <subfield code="r">2025-09-12</subfield>
    <subfield code="w">2025-09-12</subfield>
    <subfield code="y">02</subfield>
  </datafield>
  <datafield tag="952" ind1=" " ind2=" ">
    <subfield code="0">0</subfield>
    <subfield code="1">0</subfield>
    <subfield code="2">ddc</subfield>
    <subfield code="4">0</subfield>
    <subfield code="7">0</subfield>
    <subfield code="9">550493</subfield>
    <subfield code="a">04</subfield>
    <subfield code="b">04</subfield>
    <subfield code="d">2025-09-12</subfield>
    <subfield code="e">R LALL BOOK</subfield>
    <subfield code="l">0</subfield>
    <subfield code="p">04-B-12532</subfield>
    <subfield code="r">2025-09-12</subfield>
    <subfield code="w">2025-09-12</subfield>
    <subfield code="y">02</subfield>
  </datafield>
  <datafield tag="952" ind1=" " ind2=" ">
    <subfield code="0">0</subfield>
    <subfield code="1">0</subfield>
    <subfield code="2">ddc</subfield>
    <subfield code="4">0</subfield>
    <subfield code="7">0</subfield>
    <subfield code="9">550494</subfield>
    <subfield code="a">04</subfield>
    <subfield code="b">04</subfield>
    <subfield code="d">2025-09-12</subfield>
    <subfield code="e">R LALL BOOK</subfield>
    <subfield code="l">0</subfield>
    <subfield code="p">04-B-12533</subfield>
    <subfield code="r">2025-09-12</subfield>
    <subfield code="w">2025-09-12</subfield>
    <subfield code="y">02</subfield>
  </datafield>
  <datafield tag="952" ind1=" " ind2=" ">
    <subfield code="0">0</subfield>
    <subfield code="1">0</subfield>
    <subfield code="2">ddc</subfield>
    <subfield code="4">0</subfield>
    <subfield code="7">0</subfield>
    <subfield code="9">550495</subfield>
    <subfield code="a">04</subfield>
    <subfield code="b">04</subfield>
    <subfield code="d">2025-09-12</subfield>
    <subfield code="e">R LALL BOOK</subfield>
    <subfield code="l">0</subfield>
    <subfield code="p">04-B-12534</subfield>
    <subfield code="r">2025-09-12</subfield>
    <subfield code="w">2025-09-12</subfield>
    <subfield code="y">02</subfield>
  </datafield>
</record>
